000 00501nam a2200169Ia 4500
999 _c6622
_d6622
003 OSt
005 20200103144646.0
008 190216s9999||||xx |||||||||||||| ||und||
040 _coclc
082 _a346.086
_bGOR/B
100 _aGordon, E
_91016
245 0 _aBanking Theory Law And Practice /
_cE Gordon ; K Natarajan
250 _a16th ed.
260 _bHimalaya Publishing House,
_c2002.
_aNew Delhi:
300 _a511p
942 _cBK
_2ddc
_h346.082
_iGOR/B
_k346.082
_mGOR/B